000 00258nam a2200097Ia 4500
001 1042287
005 20250826232058.0
008 250824s9999 xx 000 0 und d
245 0 _aALLAH AŞKINA DUA ET
_cTALHA BORA ÖGE
260 _bKARATAY AKADEMİ YAYINLARI
999 _c1042287
_d1042287